<?xml version="1.0" encoding="UTF-8"?>
<record
    xmlns:xsi="http://www.w3.org/2001/XMLSchema-instance"
    xsi:schemaLocation="http://www.loc.gov/MARC21/slim http://www.loc.gov/standards/marcxml/schema/MARC21slim.xsd"
    xmlns="http://www.loc.gov/MARC21/slim">

  <leader>03873nam a2200337 a 4500</leader>
  <controlfield tag="003">OSt</controlfield>
  <controlfield tag="005">20240906114705.0</controlfield>
  <controlfield tag="007">cr ||||||a|c|a</controlfield>
  <controlfield tag="008">240905s2024    mx a|||fom||| 001 0 spa d</controlfield>
  <datafield tag="040" ind1=" " ind2=" ">
    <subfield code="e">rda</subfield>
  </datafield>
  <datafield tag="100" ind1="1" ind2=" ">
    <subfield code="a">Rivera Santiago, Hilda</subfield>
    <subfield code="9">189549</subfield>
  </datafield>
  <datafield tag="245" ind1="1" ind2="0">
    <subfield code="a">Estimaci&#xF3;n de la rentabilidad del carb&#xF3;n vegetal, en el bosque de con&#xED;feras y encino, en La Regi&#xF3;n Sierra Norte de Puebla y Sierra Alta de Hidalgo /</subfield>
    <subfield code="c">por Hilda Rivera Santiago; director de tesis Ger&#xF3;nimo Barrios Puente; secretario Jos&#xE9; Luis Jolalpa Barrera; vocal Alejandro Alberto Miliano; suplente Ram&#xF3;n G&#xF3;mez Castillo; suplente Evelina &#xC1;lvarez Gonz&#xE1;lez.</subfield>
  </datafield>
  <datafield tag="264" ind1=" " ind2="1">
    <subfield code="a">Chapingo, M&#xE9;xico :</subfield>
    <subfield code="b">El autor,</subfield>
    <subfield code="c">2024.</subfield>
  </datafield>
  <datafield tag="300" ind1=" " ind2=" ">
    <subfield code="a">1 recurso en l&#xED;nea (98 p&#xE1;ginas):</subfield>
    <subfield code="b">figuras, tablas.</subfield>
  </datafield>
  <datafield tag="336" ind1=" " ind2=" ">
    <subfield code="2">rdacontent</subfield>
    <subfield code="a">texto</subfield>
    <subfield code="b">txt</subfield>
  </datafield>
  <datafield tag="337" ind1=" " ind2=" ">
    <subfield code="2">rdamedia</subfield>
    <subfield code="a">computadora</subfield>
    <subfield code="b">c</subfield>
  </datafield>
  <datafield tag="338" ind1=" " ind2=" ">
    <subfield code="2">rdacarrier</subfield>
    <subfield code="a">recurso en l&#xED;nea</subfield>
    <subfield code="b">cr</subfield>
  </datafield>
  <datafield tag="502" ind1=" " ind2=" ">
    <subfield code="b">IEA</subfield>
    <subfield code="c">DICEA</subfield>
    <subfield code="d">2024.</subfield>
    <subfield code="g">LIC</subfield>
  </datafield>
  <datafield tag="504" ind1=" " ind2=" ">
    <subfield code="a">Incluye referencias bibliogr&#xE1;ficas: p&#xE1;ginas 68-74.</subfield>
  </datafield>
  <datafield tag="520" ind1=" " ind2=" ">
    <subfield code="a">El carb&#xF3;n vegetal es resultado de una combusti&#xF3;n anaer&#xF3;bica de la madera, es decir, es el residuo s&#xF3;lido que queda al realizar la &#x201C;carbonizaci&#xF3;n&#x201D; de la madera bajo condiciones controladas, cabe mencionar que, este producto tiene un uso muy extenso, dado que, se utiliza en aspectos dom&#xE9;sticos, as&#xED; como industriales. Existen diferentes m&#xE9;todos de obtenci&#xF3;n de carb&#xF3;n vegetal, los cuales presentan diferentes caracter&#xED;sticas, entre ellas su estructura, el modo de uso y el nivel de inversi&#xF3;n requerida, es importante mencionar que, esta actividad contribuye de manera positiva en los ingresos de las personas del campo. El presente trabajo se realiz&#xF3; en la regi&#xF3;n sierra norte de Puebla y sierra alta de Hidalgo, espec&#xED;ficamente en el &#xE1;rea de bosque de con&#xED;feras y encino, con la intenci&#xF3;n de estimar la rentabilidad del carb&#xF3;n vegetal. Los m&#xE9;todos identificados en el &#xE1;rea fueron los hornos de mamposter&#xED;a y los hornos tradicionales, esta informaci&#xF3;n se obtuvo mediante la aplicaci&#xF3;n de encuestas a productores claves de la zona, buscando conocer datos sobre los costos e ingresos de la producci&#xF3;n y obtenci&#xF3;n del carb&#xF3;n vegetal. En base a la informaci&#xF3;n proporcionada se determin&#xF3; que un horno de mamposter&#xED;a genera 220.39 kg/m3, con un costo de producci&#xF3;n de $6.84/kg, teniendo un precio de venta de $10.90/kg, generando un margen de beneficio de $4.06/kg, para este m&#xE9;todo, se considera 4 meses de producci&#xF3;n con una sola carga al mes. Respecto al horno tradicional, se obtuvo una producci&#xF3;n de 118 kg/ m3, con un costo de $8.38/kg, asumiendo un precio de venta de $9.33/kg, originando un margen de beneficio de $0.95/kg, de la misma manera, se contemplan 4 meses de producci&#xF3;n con una sola carga al mes. Se establecieron diferentes escenarios con la finalidad de conocer la rentabilidad del carb&#xF3;n vegetal, por medio de tres indicadores econ&#xF3;micos (B/C, VAN y TIR), por lo que, se plante&#xF3; diferentes niveles de producci&#xF3;n para conocer los beneficios que se pudieran obtener. Como uno de los resultados, se identific&#xF3; que al utilizar un horno a una capacidad instalada del 100% se obtendr&#xED;an mejores ganancias que si se utilizara una capacidad instalada de manera progresiva.</subfield>
  </datafield>
  <datafield tag="650" ind1=" " ind2="4">
    <subfield code="a">Carb&#xF3;n vegetal</subfield>
    <subfield code="x">Producci&#xF3;n</subfield>
    <subfield code="9">126822</subfield>
  </datafield>
  <datafield tag="650" ind1=" " ind2="4">
    <subfield code="a">Carb&#xF3;n vegetal</subfield>
    <subfield code="x">Rendimiento</subfield>
    <subfield code="9">136485</subfield>
  </datafield>
  <datafield tag="650" ind1=" " ind2="7">
    <subfield code="a">Carb&#xF3;n vegetal</subfield>
    <subfield code="x">Aspectos econ&#xF3;micos</subfield>
    <subfield code="9">189550</subfield>
  </datafield>
  <datafield tag="700" ind1="1" ind2=" ">
    <subfield code="a">Barrios Puente, Ger&#xF3;nimo</subfield>
    <subfield code="9">10529</subfield>
    <subfield code="e">Director de tesis.</subfield>
  </datafield>
  <datafield tag="700" ind1="1" ind2=" ">
    <subfield code="a">Jolalpa Barrera, Jos&#xE9; Luis</subfield>
    <subfield code="9">61950</subfield>
    <subfield code="e">Secretario.</subfield>
  </datafield>
  <datafield tag="700" ind1="1" ind2=" ">
    <subfield code="a">Alberto Miliano, Alejandro </subfield>
    <subfield code="e">Vocal.</subfield>
    <subfield code="9">189082</subfield>
  </datafield>
  <datafield tag="700" ind1="1" ind2=" ">
    <subfield code="a">G&#xF3;mez Castillo, Ram&#xF3;n</subfield>
    <subfield code="9">49647</subfield>
    <subfield code="e">Suplente.</subfield>
  </datafield>
  <datafield tag="700" ind1="1" ind2=" ">
    <subfield code="a">&#xC1;lvarez Gonz&#xE1;lez, Evelina</subfield>
    <subfield code="9">82403</subfield>
    <subfield code="e">Suplente.</subfield>
  </datafield>
  <datafield tag="856" ind1=" " ind2=" ">
    <subfield code="u">http://10.13.5.2/tesis/tl/1612094-7_RIVERA_SANTIAGO_HILDA.pdf</subfield>
    <subfield code="z">DESCARGAR PDF</subfield>
  </datafield>
  <datafield tag="942" ind1=" " ind2=" ">
    <subfield code="2">Clasificaci&#xF3;n Universidad Aut&#xF3;noma Chapingo</subfield>
    <subfield code="c">TD</subfield>
  </datafield>
  <datafield tag="999" ind1=" " ind2=" ">
    <subfield code="c">220145</subfield>
    <subfield code="d">220145</subfield>
  </datafield>
  <datafield tag="952" ind1=" " ind2=" ">
    <subfield code="0">0</subfield>
    <subfield code="1">0</subfield>
    <subfield code="2">local</subfield>
    <subfield code="4">0</subfield>
    <subfield code="5">1</subfield>
    <subfield code="7">0</subfield>
    <subfield code="8">TesDigL</subfield>
    <subfield code="a">BD</subfield>
    <subfield code="b">BD</subfield>
    <subfield code="c">E_L</subfield>
    <subfield code="d">2024-09-05</subfield>
    <subfield code="l">0</subfield>
    <subfield code="o">Tesis digital</subfield>
    <subfield code="r">2024-09-05 14:18:19</subfield>
    <subfield code="w">2024-09-05</subfield>
    <subfield code="y">TD</subfield>
  </datafield>
</record>
